000 00330nam a2200133Ia 4500
008 240624s9999 xx 000 0 und d
041 _aeng
082 _a658.314 NIS
100 _aRICHARD NISBETT
245 _aMINDWARE TOOLS FOR SMART THINKING
260 _c2015
_aIndia
_bPenguin
300 _a320 : p. : cm. ; 22
365 _cRS
999 _c28099
_d28099